00319nam a2200145Ia 45000030006000000080041000060400015000471000015000622450036000772500006001132600017001193000006001365460014001420050017001560STCL150530s9999 xx 000 0 und d aSTCLcSTCL aThayat, K. aNaam Changala Potticha Kathakal a4 bAuthorc1994 a0 aMalayalam20220125171630.0